00405pab a2200121 454500008004000000100002200040245013100062260000900193300001400202362001200216650002200228773003300250180718b2009 xxu||||| |||| 00| 0 eng d aFrench, P. Edward aEmployment laws and the public sector employer: lessons to be learned from a review of Lawsuits field against local government c2009 ap.92-103. aJan-Feb aEmployment policy aPublic Administration Review